000 00547nam a2200193Ia 4500
005 20250507130252.0
008 008 250505s9999 xx 000 0 eng d
037 _aSeries Article
040 _aEASL
_beng
_cEASL
041 _aeng
_2eng
084 _qEASL
100 _aShekhar Vibhanshu
_9609091
245 0 _aAsean's responnse to the rise of China:Deploying a hedging strattegy
260 _aIndia
_bNew delhi Sage Publications
_c2012
300 _a253-268
650 _aChina
942 _cSRA
999 _c1318676
_d1318676